Syntéza logických kombinačných obvodov s programovateľnými hradlovými poľami : Dipl.práca

Salvato in:
Dettagli Bibliografici
Autore principale: Dandul, Ján (Autore)
Altri autori: Kolesár, Milan, 1942- (Relatore della tesi)
Natura: Manoscritto Libro
Lingua:slovacco
Pubblicazione: Bratislava : STU v Bratislave FEI, 2002
Soggetti:
Tags: Aggiungi Tag
Nessun Tag, puoi essere il primo ad aggiungerne!!

MARC

LEADER 00000ntm a22000003a 4500
001 stu76349
005 20160719164701.2
008 020628s2002------------------------slo-d
040 |a STU  |b slo 
041 0 |a slo 
100 1 |a Dandul, Ján  |4 aut 
245 1 |a Syntéza logických kombinačných obvodov s programovateľnými hradlovými poľami :  |b Dipl.práca 
260 |a Bratislava :  |b STU v Bratislave FEI,  |c 2002 
300 |a 76 s 
650 7 |a informatika  |2 stusub 
700 1 |a Kolesár, Milan,  |d 1942-  |4 ths  |u E220  |U FEI Fakulta elektrotechniky a informatiky  |T FEI Katedra informatiky a výpočtovej techniky  |X 2137  |U E220  |Y 69  |7 2137 
996 |b EDIPL-6995  |c I*DIPL-6995  |l II680  |s A  |a 24  |w stu76349_0001